000 00536nam a22001697a 4500
003 MACL
005 20160724144843.0
008 160724b xxu||||| |||| 00| 0 eng d
040 _cMACL
041 _aHindi
082 _a741.642 KUM
100 _aकुमार, प्रदीप
_949742
245 _aभोजन और स्‍वास्‍थ्‍य
_cप्रदीप कुमार
260 _aनई दिल्‍ली
_bकिताब घर
_c2001
650 _aChildren Book
_965241
942 _2ddc
_cHIN
999 _c54912
_d54912